000 00363nam a2200145Ia 4500
005 20250923144425.0
008 008 250917s9999 xx 000 0 eng d
037 _aReports
040 _aDSWL
_beng
_cDSWL
041 _aeng
_2eng
084 _qDSWL
245 0 _aReport
_cby Cooperative Planning Committee.1945
942 _cREP
999 _c1438683
_d1438683